000
00274nam a2200097Ia 4500
008
240331s9999 xx 000 0 und d
082
_b
STU
100
_a
Sri Lanka Federation of University Women. ed
245
4
_a
The study of unemployment among women arts graduates
942
_c
L
999
_c
2716
_d
2716